000 00294nam a22001217a 4500
082 _a823
_bCAR/N
100 _aKEENEE, CAROLYN
245 _aTHE NANCY DREW FILE - DANGEROUS DOVE
260 _aNEW YORK
_bPOCKET BOOKS
_c1983
300 _a151
650 _aENGLISH STORY
_zUNITED STATES
942 _cBK
999 _c7289
_d7289